02411cam a2200337 a 4500999001700000006001900017007001500036008004100051016001800092016001800110020003600128020003300164020001100197040001900208072002500227082001500252100004600267245004400313260003400357300002200391520132600413650005001739650002401789650002501813650002901838650005101867650003001918650005601948856006102004942000802065 c27270d27270m o d cr cnu---unuuu141003s2014 ne o 000 0 eng d7 a0168867082Uk7 a0168847002Uk a9780081000021q(electronic bk.) a0081000022q(electronic bk.) q(pbk.) aUKMGBbengepn 7aTECx0140002bisacsh04a627.982231 aEl-Reedy, Mohamed A.q(Mohamed Abdallah),10aMarine structural design calculations / aSingapore :bElsevier,c2015. a1 online resource aThe perfect guide for veteran structural engineers or for engineers just entering the field of offshore design and construction, Marine Structural Design Calculations offers structural and geotechnical engineers a multitude of worked-out marine structural construction and design calculations. Each calculation is discussed in a concise, easy-to-understand manner that provides an authoritative guide for selecting the right formula and solving even the most difficult design calculation. Calculation methods for all areas of marine structural design and construction are presented and practical solutions are provided. Theories, principles, and practices are summarized. The concentration focuses on formula selection and problem solving. A "quick look up guide, Marine Structural Design Calculations includes both fps and SI units and is divided into categories such as Project Management for Marine Structures; Marine Structures Loads and Strength; Marine Structure Platform Design; and Geotechnical Data and Pile Design. The calculations are based on industry code and standards like American Society of Civil Engineers and American Society of Mechanical Engineers, as well as institutions like the American Petroleum Institute and the US Coast Guard. Case studies and worked examples are included throughout the book 0aOffshore structuresxDesign and construction. 0aMarine engineering. 6aM�ecanique navale. 7amarine engineering.2aat 7aTECHNOLOGY & ENGINEERINGxHydraulics.2bisacsh 7aMarine engineering.2fast 7aOffshore structuresxDesign and construction.2fast40uhttps://www.sciencedirect.com/science/book/9780080999876 cEBK